Normal view
MARC view
- RABBIA,NEELMA,KOMAL,SUNDAS
Entry Personal Name
001 - CONTROL NUMBER
- control field: 72428
003 - CONTROL NUMBER IDENTIFIER
- control field: NUST
005 - DATE AND TIME OF LATEST TRANSACTION
- control field: 20210628204808.0
008 - FIXED-LENGTH DATA ELEMENTS
- fixed length control field: 210628|| aca||aabn | a|a d
040 ## - CATALOGING SOURCE
- Original cataloging agency: NUST
- Transcribing agency: NUST
100 ## - HEADING--PERSONAL NAME
- Personal name: RABBIA,NEELMA,KOMAL,SUNDAS
670 ## - SOURCE DATA FOUND
- Source citation: Work cat.: (NUST): RABBIA,NEELMA,KOMAL,SUNDAS, PR-SOF-1087-A.PR-SOF-1087-AUTONOMOUS NAVIGATION FOR FIXED WING RC PLANE USING NEURO FUZZY BASED ADAPTIVE FLIGHT CONTROLLER, 2011
